SKALLEN MANNEN - Statistics

General Stats
  • This quiz has been taken 14 times
  • The average score is 33 of 71
Answer Stats
Hint Answer % Correct
Fossa Cranii ___ Anterior / Media / Posterior
100%
Undersidan av skallbasen Basis cranii externa
100%
Insidan av skallbasen Basis cranii interna
100%
Detta kan man tro är en del av de 2 innan, men det är ett separat ben Concha nasalis inferior
100%
detta är 1 av 2 utskott som kallas näsmusslor, den "undre" Concha nasalis media
100%
detta är 1 av 2 utskott som kallas näsmusslor, den övre Concha nasalis superior
100%
det ovala hålet Foramen ovale
100%
Underkäken Mandibula
100%
Överkäksbenet Maxilla
100%
Nämn en av 2 tuggmuskler m. temporalis / m. masseter
100%
De skallben som omger hjärnan kallas Neurocranium
100%
Pannbenet Os Frontale
100%
Näsbenet, det utgör näsryggen Os nasale
100%
Nackbenet Os occipitale
100%
Hjässbenet Os Parietale
100%
Kilbenet Os sphenoidale
100%
Tinningsbenet Os temporale
100%
Delen av tinningsbenet som sitter bakom örat Pars petrosa
100%
Utskott för överkäkens tänder Processus Alveolaris
100%
Utskottet bakom örat som pekar mot underkäken Processus Mastoideus
100%
De skallben som inte omger hjärnan kallas Viscerocranium
100%
Plogbenet Vomer
100%
Vinkeln mellan "pollisongerna" och underkäksbenets kropp Angulus Mandibulae
50%
Den del mellan Processus Zygomaticus och os Zygomaticum Arcus Zygomaticus
50%
Kanalen för a. carotis interna Canalis caroticus
50%
Tår-näs-kanalen Canalis Nasolacrimalis
50%
Kanal för n. facialis Canalis Nervi Facialis
50%
Här igenom går synnerven Canalis opticus
50%
Ledhuvudet för käkleden Caput Mandibulae
50%
Ledhuvudet för käkleden Caput mandibulae
50%
Trummhålan som inehåller tumhinnan m.m. Cavitas Tympani
50%
Skallen Cranium
50%
Vi ska kunna en rolig muskulatur Den mimiska muskulaturen
50%
det runda hålet Foramen rotundum
50%
Gropen där hypofysen ligger Fossa hypophysialis
50%
Silbenet Os ethmoidale
50%
Tårbenet som återfinns i ögonhålans mediala vägg Os lacrimale
50%
Kindbenet- utgör ögonhålans laterala vägg Os zygomaticum
50%
Innre hörselgången Porus Acusticus internus
50%
Pannutskott som ledar mot pannbenet Processus frontalis
50%
Mindre utskott mer anteriort och superiort om det tidigare utskottet Processus styloideus
50%
Utskott som ledar mot kindbenet Processus Zygomaticus
50%
Turksadeln, mittdelen på kilbenet Sella turcica
50%
Skalltaket Calvaria
0%
Ledytor mot atlas Condylus Occipitalis
0%
vertikalställd benplatta som fäster till dura mater Crista galli
0%
Liten springa mellan silbenet och överkäksbenet Fissura orbitale inferior
0%
Spaltliknande öppning mot ögonhålan Fissura orbitale superior
0%
Ett litet hål som finns i gommen, precis bakom framtänderna Foramen incisivum
0%
Ett litet hål 2-3cm under ögonen Foramen infraorbitale
0%
Stor öppning mellan Pars petrosa och os occipitale Foramen Jugulare
0%
Stora nackhålet Foramen Magnus
0%
Bilaterala hål som sitter under hörntänderna Foramen mentale
0%
Öppning för a. meningea media Foramen spinosum
0%
Överdelen av ögongloben, precis under ögonbrynen Fossa glandulae lacrimalis
0%
Ledpannan mot underkäken Fossa mandibularis
0%
Ledpannan för käkleden Fossa mandibularis
0%
horisontalstäld benplatta med öppningar för n. olfactorius Lamina cribrosa
0%
Bakre tredjedel av gombenet Os palatinum
0%
Delen som fäster till underkäkens tänder Pars Alveolaris
0%
Del som är belägen mellan tinningsbenet, kilbenet och nackbenet Pars Squamosa
0%
Del som bildar den yttre hörselgången Pars tympanica
0%
Ett sammlingsnamn för gommens skelett Platum osseum
0%
Den yttre hörselgången Porus acusticus externus
0%
Ledutskottet för käkleden Processus Condylaris
0%
Anteriort utskott på "pollisongerna" som är fäste för m. temporalis Processus Coronoideus
0%
Utgör främre delen av gommen Processus palatinus
0%
Delen av tinningsbenet precis innan underkäken Processus Zygomaticus
0%
Tinningen Pterion
0%
"pollisongerna" som är en del av underkäken Ramus Mandibulare
0%
Den sak som finns mellan dessa skallplattor när man är bebis Sutura
0%
No matching quizzes found
Score Distribution
Percent of People with Each Score
Percentile by Number Answered
Your Score History
You have not taken this quiz